[Event "DVM U10 2023"]
[Site "Magdeburg GER"]
[Date "2023.12.28"]
[Round "4"]
[White "Tolle, Jonathan"]
[Black "Teichmann, Fabian"]
[Result "1-0"]
[Termination "normal"]
[Board "5.4"]
[WhiteElo "929"]
[BlackElo "1095"]
[WhiteClock "00:23:34"]
[BlackClock "00:42:06"]
[WhiteTeam "SK Münster 32"]
[BlackTeam "SF München"]
[PlyCount "119"]
[BlackFideId "34637249"]
[EventCountry "GER"]
[EventRounds "7"]
[EventType "team-swiss"]
[EventDate "2023.12.27"]

1. e4 {[%clk 00:55:10]} e5 {[%clk 00:55:06]} {[%emt 00:00:09]} 2. Nf3 {[%clk
00:55:14]} {[%emt 00:00:01]} Nc6 {[%clk 00:55:01]} {[%emt 00:00:10]} 3. Bb5
{[%clk 00:55:12]} {[%emt 00:00:07]} d6 {[%clk 00:54:59]} {[%emt 00:00:06]} 4.
d3 {[%clk 00:55:08]} {[%emt 00:00:09]} Bg4 {[%clk 00:54:53]} {[%emt 00:00:11]}
5. h3 {[%clk 00:55:08]} {[%emt 00:00:06]} Bh5 {[%clk 00:54:48]} {[%emt
00:00:09]} 6. O-O {[%clk 00:54:56]} {[%emt 00:00:17]} Nf6 {[%clk 00:54:40]}
{[%emt 00:00:14]} 7. Bg5 {[%clk 00:54:50]} {[%emt 00:00:11]} Be7 {[%clk
00:54:40]} {[%emt 00:00:05]} 8. Nbd2 {[%clk 00:54:02]} {[%emt 00:00:53]} O-O
{[%clk 00:54:38]} {[%emt 00:00:07]} 9. c3 {[%clk 00:54:03]} {[%emt 00:00:04]}
Na5 {[%clk 00:54:06]} {[%emt 00:00:37]} 10. Re1 {[%clk 00:53:14]} {[%emt
00:00:54]} c6 {[%clk 00:53:58]} {[%emt 00:00:13]} 11. Ba4 {[%clk 00:52:50]}
{[%emt 00:00:28]} b5 {[%clk 00:53:52]} {[%emt 00:00:11]} 12. Bc2 {[%clk
00:52:43]} {[%emt 00:00:12]} Nb7 {[%clk 00:53:50]} {[%emt 00:00:07]} 13. Nf1
{[%clk 00:52:42]} {[%emt 00:00:06]} d5 {[%clk 00:53:38]} {[%emt 00:00:17]} 14.
Ng3 {[%clk 00:51:36]} {[%emt 00:01:12]} dxe4 {[%clk 00:53:18]} {[%emt
00:00:25]} 15. Nxh5 {[%clk 00:48:56]} {[%emt 00:02:44]} Nxh5 {[%clk 00:52:58]}
{[%emt 00:00:26]} 16. Bxe7 {[%clk 00:48:21]} {[%emt 00:00:39]} Qxe7 {[%clk
00:52:45]} {[%emt 00:00:17]} 17. Rxe4 {[%clk 00:47:15]} {[%emt 00:01:12]} Nf4
{[%clk 00:51:49]} {[%emt 00:01:01]} 18. Rxe5 {[%clk 00:45:41]} {[%emt
00:01:40]} Qf6 {[%clk 00:51:42]} {[%emt 00:00:09]} 19. d4 {[%clk 00:44:57]}
{[%emt 00:00:51]} Rad8 {[%clk 00:51:33]} {[%emt 00:00:15]} 20. Rf5 {[%clk
00:42:50]} {[%emt 00:02:12]} Qh6 {[%clk 00:51:16]} {[%emt 00:00:19]} 21. Qd2
{[%clk 00:39:28]} {[%emt 00:03:30]} Ne6 {[%clk 00:50:54]} {[%emt 00:00:27]} 22.
Qxh6 {[%clk 00:38:57]} {[%emt 00:00:35]} gxh6 {[%clk 00:50:49]} {[%emt
00:00:10]} 23. Rh5 {[%clk 00:38:46]} {[%emt 00:00:15]} Kg7 {[%clk 00:50:38]}
{[%emt 00:00:15]} 24. Ne5 {[%clk 00:38:19]} {[%emt 00:00:35]} Rd5 {[%clk
00:50:06]} {[%emt 00:00:37]} 25. Bb3 {[%clk 00:37:38]} {[%emt 00:00:45]} Rd6
{[%clk 00:49:48]} {[%emt 00:00:23]} 26. Ng4 {[%clk 00:37:15]} {[%emt 00:00:23]}
Rdd8 {[%clk 00:48:56]} {[%emt 00:01:03]} 27. Rxh6 {[%clk 00:36:10]} {[%emt
00:01:10]} Nf4 {[%clk 00:48:40]} {[%emt 00:00:21]} 28. Rxc6 {[%clk 00:34:22]}
{[%emt 00:01:51]} Nd3 {[%clk 00:48:27]} {[%emt 00:00:18]} 29. Rb1 {[%clk
00:32:55]} {[%emt 00:01:33]} Rfe8 {[%clk 00:48:13]} {[%emt 00:00:19]} 30. Rc7
{[%clk 00:31:26]} {[%emt 00:01:35]} Rb8 {[%clk 00:47:53]} {[%emt 00:00:25]} 31.
Rxf7+ {[%clk 00:31:03]} {[%emt 00:00:27]} Kg6 {[%clk 00:47:30]} {[%emt
00:00:26]} 32. Rf6+ {[%clk 00:30:06]} {[%emt 00:01:02]} Kg7 {[%clk 00:47:16]}
{[%emt 00:00:21]} 33. g3 {[%clk 00:28:51]} {[%emt 00:01:21]} Kh8 {[%clk
00:47:09]} {[%emt 00:00:11]} 34. Kf1 {[%clk 00:27:53]} {[%emt 00:01:03]} Re7
{[%emt 00:00:31]} 35. Bc2 {[%emt 00:00:43]} Nxb2 {[%clk 00:45:36]} {[%emt
00:00:24]} 36. Rxb2 {[%clk 00:27:38]} {[%emt 00:00:21]} Rbe8 {[%clk 00:45:35]}
{[%emt 00:00:05]} 37. Ne3 {[%clk 00:26:50]} {[%emt 00:00:53]} Re6 {[%clk
00:45:15]} {[%emt 00:00:26]} 38. Rxe6 {[%clk 00:26:41]} {[%emt 00:00:14]} Rxe6
{[%clk 00:44:19]} {[%emt 00:00:04]} 39. Rxb5 {[%clk 00:26:45]} {[%emt
00:00:59]} Rb6 {[%clk 00:44:03]} {[%emt 00:00:20]} 40. Rxb6 {[%clk 00:26:39]}
{[%emt 00:00:11]} axb6 {[%clk 00:44:06]} {[%emt 00:00:02]} 41. d5 {[%clk
00:26:25]} {[%emt 00:00:18]} h6 {[%clk 00:43:51]} {[%emt 00:00:20]} 42. Nf5
{[%clk 00:26:22]} {[%emt 00:00:08]} h5 {[%clk 00:43:43]} {[%emt 00:00:14]} 43.
d6 {[%clk 00:26:25]} {[%emt 00:00:02]} Kg8 {[%clk 00:43:33]} {[%emt 00:00:13]}
44. Bb3+ {[%clk 00:26:23]} {[%emt 00:00:09]} Kf8 {[%clk 00:43:29]} {[%emt
00:00:08]} 45. g4 {[%clk 00:26:19]} {[%emt 00:00:09]} hxg4 {[%clk 00:43:29]}
{[%emt 00:00:05]} 46. hxg4 {[%clk 00:26:15]} {[%emt 00:00:10]} b5 {[%clk
00:43:13]} {[%emt 00:00:20]} 47. g5 {[%clk 00:26:15]} {[%emt 00:00:05]} Ke8
{[%clk 00:43:10]} {[%emt 00:00:09]} 48. g6 {[%clk 00:26:12]} {[%emt 00:00:08]}
Kf8 {[%clk 00:43:12]} {[%emt 00:00:03]} 49. g7+ {[%clk 00:26:04]} {[%emt
00:00:13]} Ke8 {[%clk 00:43:10]} {[%emt 00:00:07]} 50. g8=Q+ {[%clk 00:25:56]}
{[%emt 00:00:12]} Kd7 {[%clk 00:43:12]} {[%emt 00:00:03]} 51. Qe6+ {[%clk
00:25:47]} {[%emt 00:00:14]} Kc6 {[%emt 00:00:13]} 52. d7+ {[%clk 00:25:40]}
{[%emt 00:00:06]} Kc7 {[%clk 00:43:11]} {[%emt 00:00:05]} 53. Nh6 {[%clk
00:24:51]} {[%emt 00:00:53]} Nd8 {[%clk 00:43:07]} {[%emt 00:00:09]} 54. Qe7
{[%clk 00:24:33]} {[%emt 00:00:22]} Nc6 {[%clk 00:43:02]} {[%emt 00:00:11]} 55.
Qe8 {[%clk 00:24:26]} {[%emt 00:00:12]} Nd8 {[%clk 00:43:03]} {[%emt 00:00:05]}
56. Nf7 {[%clk 00:24:20]} {[%emt 00:00:10]} Nc6 {[%clk 00:42:55]} {[%emt
00:00:14]} 57. Qc8+ {[%clk 00:24:08]} {[%emt 00:00:15]} Kb6 {[%clk 00:42:53]}
{[%emt 00:00:08]} 58. Ne5 {[%clk 00:23:51]} {[%emt 00:00:22]} Ka5 {[%clk
00:42:11]} {[%emt 00:00:48]} 59. Nxc6+ {[%clk 00:23:42]} {[%emt 00:00:13]} Kb6
{[%clk 00:42:06]} {[%emt 00:00:11]} 60. d8=Q+ {[%clk 00:23:34]} {[%emt
00:00:12]} 1-0

[Event "DVM U10 2023"]
[Site "Magdeburg GER"]
[Date "2023.12.28"]
[Round "4"]
[White "Kjulbassanoff, Kilian"]
[Black "Sauer, Ben"]
[Result "0-1"]
[Termination "normal"]
[Board "6.1"]
[WhiteElo "1224"]
[BlackElo "1429"]
[WhiteClock "00:35:14"]
[BlackClock "00:45:09"]
[WhiteTeam "SV Dresden-Striesen 1990"]
[BlackTeam "Schachzentrum Bemerode"]
[PlyCount "110"]
[BlackFideId "34606866"]
[EventCountry "GER"]
[EventRounds "7"]
[EventType "team-swiss"]
[EventDate "2023.12.27"]

1. d4 {[%emt 00:00:02]} Nf6 {[%clk 00:55:03]} {[%emt 00:00:06]} 2. c4 {[%clk
00:55:04]} {[%emt 00:00:10]} g6 {[%clk 00:54:59]} {[%emt 00:00:08]} 3. Nc3
{[%clk 00:54:56]} {[%emt 00:00:14]} Bg7 {[%clk 00:54:57]} {[%emt 00:00:07]} 4.
e4 {[%clk 00:54:36]} {[%emt 00:00:25]} d6 {[%clk 00:54:49]} {[%emt 00:00:13]}
5. Bd3 {[%clk 00:54:06]} {[%emt 00:00:35]} Nbd7 {[%clk 00:54:43]} {[%emt
00:00:11]} 6. Nf3 {[%clk 00:53:42]} {[%emt 00:00:28]} O-O {[%clk 00:54:40]}
{[%emt 00:00:09]} 7. O-O {[%clk 00:53:41]} {[%emt 00:00:06]} e5 {[%clk
00:54:33]} {[%emt 00:00:12]} 8. dxe5 {[%clk 00:52:37]} {[%emt 00:01:08]} Nxe5
{[%clk 00:54:19]} {[%emt 00:00:19]} 9. Nxe5 {[%clk 00:51:55]} {[%emt 00:00:48]}
dxe5 {[%clk 00:54:14]} {[%emt 00:00:10]} 10. Be2 {[%clk 00:51:49]} {[%emt
00:00:11]} Qe7 {[%clk 00:53:46]} {[%emt 00:00:33]} 11. Nd5 {[%clk 00:50:45]}
{[%emt 00:01:09]} Nxd5 {[%clk 00:53:31]} {[%emt 00:00:20]} 12. cxd5 {[%clk
00:50:37]} {[%emt 00:00:12]} f5 {[%clk 00:53:17]} {[%emt 00:00:19]} 13. f3
{[%clk 00:50:26]} {[%emt 00:00:16]} f4 {[%clk 00:52:52]} {[%emt 00:00:31]} 14.
Bc4 {[%clk 00:50:22]} {[%emt 00:00:09]} Qc5+ {[%clk 00:52:43]} {[%emt
00:00:14]} 15. Rf2 {[%clk 00:49:58]} {[%emt 00:00:29]} Qxc4 {[%clk 00:52:42]}
{[%emt 00:00:06]} 16. Qc2 {[%clk 00:49:38]} {[%emt 00:00:24]} Qxc2 {[%clk
00:52:10]} {[%emt 00:00:37]} 17. Rxc2 {[%clk 00:49:33]} {[%emt 00:00:10]} Rf7
{[%clk 00:52:02]} {[%emt 00:00:13]} 18. Bd2 {[%clk 00:49:26]} {[%emt 00:00:12]}
Bf8 {[%clk 00:51:56]} {[%emt 00:00:11]} 19. Rac1 {[%clk 00:49:07]} {[%emt
00:00:25]} Bd6 {[%clk 00:51:52]} {[%emt 00:00:09]} 20. Rc4 {[%clk 00:48:02]}
{[%emt 00:01:09]} b6 {[%clk 00:51:29]} {[%emt 00:00:29]} 21. b4 {[%clk
00:47:15]} {[%emt 00:00:51]} Ba6 {[%clk 00:51:06]} {[%emt 00:00:29]} 22. R4c2
{[%clk 00:46:52]} {[%emt 00:00:28]} Bd3 {[%clk 00:50:43]} {[%emt 00:00:28]} 23.
Rc3 {[%clk 00:46:36]} {[%emt 00:00:20]} Bb5 {[%clk 00:50:42]} {[%emt 00:00:06]}
24. Rb3 {[%clk 00:45:53]} {[%emt 00:00:49]} Bd7 {[%clk 00:50:19]} {[%emt
00:00:27]} 25. Ra1 {[%clk 00:45:20]} {[%emt 00:00:37]} c5 {[%clk 00:49:34]}
{[%emt 00:00:52]} 26. bxc5 {[%clk 00:44:52]} {[%emt 00:00:33]} Bxc5+ {[%clk
00:49:25]} {[%emt 00:00:14]} 27. Kf1 {[%clk 00:44:48]} {[%emt 00:00:09]} Rc8
{[%clk 00:49:16]} {[%emt 00:00:14]} 28. Rc1 {[%clk 00:44:22]} {[%emt 00:00:30]}
Rff8 {[%clk 00:48:47]} {[%emt 00:00:35]} 29. Rbc3 {[%clk 00:43:48]} {[%emt
00:00:39]} Bd6 {[%clk 00:48:09]} {[%emt 00:00:43]} 30. Rxc8 {[%clk 00:43:27]}
{[%emt 00:00:26]} Rxc8 {[%clk 00:48:09]} {[%emt 00:00:04]} 31. Rxc8+ {[%clk
00:43:25]} {[%emt 00:00:07]} Bxc8 {[%clk 00:48:09]} {[%emt 00:00:06]} 32. g3
{[%clk 00:42:53]} {[%emt 00:00:36]} Bh3+ {[%clk 00:47:56]} {[%emt 00:00:19]}
33. Kf2 {[%clk 00:42:36]} {[%emt 00:00:21]} Bc5+ {[%clk 00:47:43]} {[%emt
00:00:19]} 34. Ke2 {[%clk 00:41:54]} {[%emt 00:00:47]} g5 {[%clk 00:47:24]}
{[%emt 00:00:24]} 35. g4 {[%clk 00:41:28]} {[%emt 00:00:31]} h5 {[%clk
00:47:16]} {[%emt 00:00:13]} 36. gxh5 {[%clk 00:41:13]} {[%emt 00:00:20]} Kg7
{[%clk 00:47:14]} {[%emt 00:00:06]} 37. Bc3 {[%clk 00:40:54]} {[%emt 00:00:24]}
Bd6 {[%clk 00:46:45]} {[%emt 00:00:34]} 38. a3 {[%clk 00:40:17]} {[%emt
00:00:43]} Kh6 {[%clk 00:46:41]} {[%emt 00:00:08]} 39. Bb4 {[%clk 00:40:07]}
{[%emt 00:00:16]} Bxb4 {[%clk 00:46:29]} {[%emt 00:00:18]} 40. axb4 {[%clk
00:40:07]} {[%emt 00:00:04]} Kxh5 {[%clk 00:46:23]} {[%emt 00:00:11]} 41. Kd3
{[%clk 00:39:55]} {[%emt 00:00:17]} g4 {[%clk 00:46:16]} {[%emt 00:00:12]} 42.
fxg4+ {[%clk 00:39:46]} {[%emt 00:00:14]} Kxg4 {[%clk 00:46:01]} {[%emt
00:00:20]} 43. d6 {[%clk 00:39:31]} {[%emt 00:00:20]} Kf3 {[%clk 00:45:59]}
{[%emt 00:00:07]} 44. b5 {[%clk 00:38:46]} {[%emt 00:00:50]} Kg2 {[%clk
00:45:57]} {[%emt 00:00:07]} 45. Ke2 {[%clk 00:38:15]} {[%emt 00:00:35]} f3+
{[%clk 00:45:56]} {[%emt 00:00:07]} 46. Ke3 {[%clk 00:37:50]} {[%emt 00:00:30]}
f2 {[%clk 00:45:52]} {[%emt 00:00:09]} 47. d7 {[%clk 00:37:33]} {[%emt
00:00:22]} Bxd7 {[%clk 00:45:51]} {[%emt 00:00:06]} 48. h3 {[%clk 00:37:20]}
{[%emt 00:00:17]} f1=Q {[%clk 00:45:48]} {[%emt 00:00:09]} 49. Kd2 {[%emt
00:00:03]} Kf2 {[%emt 00:00:20]} 50. Kc2 {[%clk 00:36:22]} {[%emt 00:00:40]}
Qc4+ {[%clk 00:45:41]} {[%emt 00:00:12]} 51. Kb1 {[%clk 00:35:57]} {[%emt
00:00:29]} Qe2 {[%clk 00:45:32]} {[%emt 00:00:13]} 52. Ka1 {[%clk 00:35:45]}
{[%emt 00:00:19]} Bxb5 {[%clk 00:45:29]} {[%emt 00:00:08]} 53. Kb1 {[%clk
00:35:28]} {[%emt 00:00:22]} Bc4 {[%clk 00:45:16]} {[%emt 00:00:18]} 54. Kc1
{[%clk 00:35:17]} {[%emt 00:00:13]} Bd3 {[%clk 00:45:09]} {[%emt 00:00:14]} 55.
h4 {[%clk 00:35:14]} {[%emt 00:00:09]} Qc2# {[%emt 00:00:01]} *

[Event "DVM U10 2023"]
[Site "Magdeburg GER"]
[Date "2023.12.28"]
[Round "4"]
[White "Schäfer, Amadeus"]
[Black "Xu, Yan"]
[Result "1-0"]
[Termination "normal"]
[Board "6.2"]
[WhiteElo "1432"]
[BlackElo "1171"]
[WhiteClock "00:55:05"]
[BlackClock "00:30:43"]
[WhiteTeam "Schachzentrum Bemerode"]
[BlackTeam "SV Dresden-Striesen 1990"]
[PlyCount "117"]
[WhiteFideId "34660585"]
[BlackFideId "34693424"]
[EventCountry "GER"]
[EventRounds "7"]
[EventType "team-swiss"]
[EventDate "2023.12.27"]

1. e4 {[%clk 00:55:00]} {[%emt 00:00:10]} e5 {[%clk 00:55:07]} {[%emt
00:00:03]} 2. Nf3 {[%clk 00:55:00]} {[%emt 00:00:05]} Nc6 {[%clk 00:55:08]}
{[%emt 00:00:05]} 3. Bb5 {[%clk 00:55:00]} {[%emt 00:00:04]} Bc5 {[%clk
00:55:07]} {[%emt 00:00:06]} 4. O-O {[%clk 00:54:48]} {[%emt 00:00:17]} d6
{[%clk 00:55:00]} {[%emt 00:00:12]} 5. d4 {[%clk 00:53:47]} {[%emt 00:01:06]}
exd4 {[%clk 00:54:51]} {[%emt 00:00:14]} 6. Nxd4 {[%clk 00:53:43]} {[%emt
00:00:09]} Bd7 {[%clk 00:54:49]} {[%emt 00:00:07]} 7. Be3 {[%clk 00:51:50]}
{[%emt 00:01:57]} Nxd4 {[%clk 00:53:59]} {[%emt 00:00:56]} 8. Bxd7+ {[%clk
00:51:46]} {[%emt 00:00:09]} Qxd7 {[%clk 00:53:53]} {[%emt 00:00:11]} 9. Bxd4
{[%clk 00:51:46]} {[%emt 00:00:04]} Bxd4 {[%clk 00:52:45]} {[%emt 00:01:13]}
10. Qxd4 {[%clk 00:49:35]} {[%emt 00:02:16]} Nf6 {[%clk 00:52:38]} {[%emt
00:00:12]} 11. Nc3 {[%clk 00:49:13]} {[%emt 00:00:27]} O-O {[%clk 00:52:17]}
{[%emt 00:00:26]} 12. Rad1 {[%clk 00:48:36]} {[%emt 00:00:41]} Rad8 {[%clk
00:51:47]} {[%emt 00:00:36]} 13. Qxa7 {[%clk 00:48:08]} {[%emt 00:00:32]} b6
{[%clk 00:51:05]} {[%emt 00:00:49]} 14. Qa6 {[%clk 00:47:51]} {[%emt 00:00:21]}
Rfe8 {[%clk 00:50:05]} {[%emt 00:01:06]} 15. f3 {[%clk 00:46:19]} {[%emt
00:01:36]} Qc6 {[%clk 00:49:38]} {[%emt 00:00:32]} 16. Qb5 {[%clk 00:44:58]}
{[%emt 00:01:24]} Qb7 {[%clk 00:48:56]} {[%emt 00:00:49]} 17. Qc4 {[%clk
00:43:12]} {[%emt 00:01:48]} Qa7 {[%clk 00:48:14]} {[%emt 00:00:50]} 18. Kh1
{[%clk 00:42:39]} {[%emt 00:00:38]} Re5 {[%clk 00:47:17]} {[%emt 00:01:03]} 19.
Nd5 {[%clk 00:41:42]} {[%emt 00:01:02]} Ne8 {[%clk 00:46:15]} {[%emt 00:01:07]}
20. a3 {[%clk 00:40:29]} {[%emt 00:01:17]} Qb7 {[%clk 00:45:17]} {[%emt
00:00:58]} 21. Qd4 {[%clk 00:37:16]} {[%emt 00:03:24]} c5 {[%clk 00:44:54]}
{[%emt 00:00:28]} 22. Qe3 {[%clk 00:35:10]} {[%emt 00:02:05]} Rc8 {[%clk
00:43:50]} {[%emt 00:01:14]} 23. Qb3 {[%clk 00:30:23]} {[%emt 00:04:51]} b5
{[%clk 00:42:57]} {[%emt 00:01:00]} 24. Ne3 {[%clk 00:25:07]} {[%emt 00:05:20]}
Rb8 {[%clk 00:41:59]} {[%emt 00:01:05]} 25. Rf2 {[%clk 00:22:46]} {[%emt
00:02:25]} Qe7 {[%clk 00:41:21]} {[%emt 00:00:43]} 26. Rfd2 {[%clk 00:20:39]}
{[%emt 00:02:12]} Qh4 {[%clk 00:40:21]} {[%emt 00:01:03]} 27. Nf5 {[%clk
00:19:00]} {[%emt 00:01:46]} Qf4 {[%clk 00:39:47]} {[%emt 00:00:38]} 28. Nxd6
{[%clk 00:18:23]} {[%emt 00:00:42]} Nxd6 {[%emt 00:00:27]} 29. Rxd6 {[%clk
00:17:53]} {[%emt 00:00:24]} h6 {[%clk 00:39:27]} {[%emt 00:00:15]} 30. g3
{[%clk 00:16:22]} {[%emt 00:01:36]} Qg5 {[%clk 00:38:27]} {[%emt 00:01:04]} 31.
f4 {[%clk 00:15:59]} {[%emt 00:00:29]} c4 {[%clk 00:38:25]} {[%emt 00:00:06]}
32. Qe3 {[%clk 00:13:36]} {[%emt 00:02:27]} Qf5 {[%clk 00:37:53]} {[%emt
00:00:39]} 33. fxe5 {[%clk 00:13:08]} {[%emt 00:00:32]} Qxe5 {[%clk 00:37:36]}
{[%emt 00:00:22]} 34. c3 {[%clk 00:12:41]} {[%emt 00:00:32]} Kh7 {[%clk
00:37:22]} {[%emt 00:00:19]} 35. Qf3 {[%clk 00:12:16]} {[%emt 00:00:28]} Re8
{[%clk 00:36:10]} {[%emt 00:01:19]} 36. Qf5+ {[%clk 00:11:59]} {[%emt
00:00:22]} Qxf5 {[%clk 00:35:53]} {[%emt 00:00:23]} 37. exf5 {[%clk 00:11:57]}
{[%emt 00:00:06]} Re2 {[%clk 00:35:36]} {[%emt 00:00:21]} 38. R1d2 {[%clk
00:11:59]} {[%emt 00:00:05]} Re1+ {[%clk 00:35:14]} {[%emt 00:00:27]} 39. Kg2
{[%clk 00:11:55]} {[%emt 00:00:08]} Re5 {[%clk 00:35:15]} {[%emt 00:00:04]} 40.
R6d5 {[%clk 00:11:50]} {[%emt 00:00:11]} Re7 {[%clk 00:34:52]} {[%emt
00:00:26]} 41. Rxb5 {[%clk 00:11:47]} {[%emt 00:00:10]} Kg8 {[%clk 00:34:47]}
{[%emt 00:00:09]} 42. Rbd5 {[%clk 00:11:40]} {[%emt 00:00:13]} f6 {[%clk
00:34:31]} {[%emt 00:00:21]} 43. R5d4 {[%clk 00:11:14]} {[%emt 00:00:31]} Rc7
{[%clk 00:34:18]} {[%emt 00:00:18]} 44. g4 {[%clk 00:10:49]} {[%emt 00:00:29]}
Kf8 {[%clk 00:34:09]} {[%emt 00:00:15]} 45. Re2 {[%clk 00:10:42]} {[%emt
00:00:12]} Kf7 {[%clk 00:33:59]} {[%emt 00:00:15]} 46. Kf3 {[%clk 00:10:27]}
{[%emt 00:00:19]} Kf8 {[%clk 00:33:55]} {[%emt 00:00:09]} 47. h4 {[%clk
00:10:08]} {[%emt 00:00:24]} Kf7 {[%clk 00:33:37]} {[%emt 00:00:24]} 48. h5
{[%clk 00:10:01]} {[%emt 00:00:12]} Kg8 {[%clk 00:33:26]} {[%emt 00:00:15]} 49.
Red2 {[%clk 00:09:49]} {[%emt 00:00:18]} Kh7 {[%clk 00:33:17]} {[%emt
00:00:14]} 50. Rd7 {[%clk 00:09:47]} {[%emt 00:00:06]} Rc8 {[%clk 00:33:11]}
{[%emt 00:00:12]} 51. Re7 {[%clk 00:09:37]} {[%emt 00:00:14]} Rg8 {[%clk
00:33:01]} {[%emt 00:00:16]} 52. Rdd7 {[%clk 00:09:32]} {[%emt 00:00:09]} Kh8
{[%clk 00:32:55]} {[%emt 00:00:12]} 53. a4 {[%clk 00:09:06]} {[%emt 00:00:31]}
Rb8 {[%clk 00:32:21]} {[%emt 00:00:38]} 54. Rb7 {[%clk 00:09:02]} {[%emt
00:00:09]} Rd8 {[%clk 00:32:05]} {[%emt 00:00:22]} 55. Ke2 {[%clk 00:08:25]}
{[%emt 00:00:40]} Rd6 {[%clk 00:31:44]} {[%emt 00:00:27]} 56. Rb8+ {[%clk
00:07:33]} {[%emt 00:00:57]} Kh7 {[%clk 00:31:38]} {[%emt 00:00:11]} 57. Ree8
{[%clk 00:07:28]} {[%emt 00:00:11]} g5 {[%clk 00:30:57]} {[%emt 00:00:46]} 58.
Rb7+ {[%clk 00:07:19]} {[%emt 00:00:14]} Rd7 {[%clk 00:30:43]} {[%emt
00:00:19]} 59. Rxd7# {[%clk 00:55:05]} {[%emt 00:00:06]} *